Financial statement analysis / (Record no. 344877)
[ view plain ]
| 000 -LEADER | |
|---|---|
| fixed length control field | 01669 a2200229 4500 |
| 020 ## - INTERNATIONAL STANDARD BOOK NUMBER | |
| International Standard Book Number | 007232113X |
| 020 ## - INTERNATIONAL STANDARD BOOK NUMBER | |
| International Standard Book Number | 9780072321135 |
| 082 04 - DEWEY DECIMAL CLASSIFICATION NUMBER | |
| Classification number | 657.3 |
| 090 ## - LOCALLY ASSIGNED LC-TYPE CALL NUMBER (OCLC); LOCAL CALL NUMBER (RLIN) | |
| -- | 2379 |
| -- | 2379 |
| 100 1# - MAIN ENTRY--PERSONAL NAME | |
| Personal name | Wild, John J. |
| 245 10 - TITLE STATEMENT | |
| Title | Financial statement analysis / |
| Statement of responsibility, etc. | John J. Wild. |
| 250 ## - EDITION STATEMENT | |
| Edition statement | 7th ed. |
| 260 ## - PUBLICATION, DISTRIBUTION, ETC. | |
| Place of publication, distribution, etc. | [S.l.] : |
| Name of publisher, distributor, etc. | McGraw-Hill Companies, |
| Date of publication, distribution, etc. | 2000. |
| 300 ## - PHYSICAL DESCRIPTION | |
| Extent | 1040 p. ; |
| Dimensions | 26 cm. |
| 500 ## - GENERAL NOTE | |
| General note | Hardcover. |
| 520 ## - SUMMARY, ETC. | |
| Summary, etc. | The practice of financial statement analysis is important because of its enormous implications for economic development, allocation of financial resources, and the economic well-being of many companies and individuals. This textbook's goal is to give readers a distinct competitive advantage in an increasingly competitive market as it continues to set the standard in showing students the keys to effective financial statement analysis. This text is aimed at students with broad business career interests, as well as those specializing in accounting and finance. As such, it broadens the book's appeal and the perspectives of students not accustomed to thinking in the larger decision-making context. The authors used 3 key considerations guiding their writing efforts: 1. To make the book relevant to students; 2. To encourage students to think in an evaluative or inferential manner; and 3. To make the material accessible and interesting to students. |
| 700 1# - ADDED ENTRY--PERSONAL NAME | |
| Personal name | Bernstein, Leopold A. |
| 700 1# - ADDED ENTRY--PERSONAL NAME | |
| Personal name | Subramanyam, K. R. |
| 856 40 - ELECTRONIC LOCATION AND ACCESS | |
| Materials specified | Amazon.com |
| Uniform Resource Identifier | <a href="http://www.amazon.com/exec/obidos/ASIN/007232113X/chopaconline-20">http://www.amazon.com/exec/obidos/ASIN/007232113X/chopaconline-20</a> |
| 856 40 - ELECTRONIC LOCATION AND ACCESS | |
| Materials specified | Amazon customer reviews |
| Uniform Resource Identifier | <a href="http://www.chopac.org/cgi-bin/tools/azrev.pl?q=007232113X">http://www.chopac.org/cgi-bin/tools/azrev.pl?q=007232113X</a> |
| 942 ## - ADDED ENTRY ELEMENTS (KOHA) | |
| Institution code [OBSOLETE] | NBS |
| Koha item type | Book |
| Call number prefix | 657.13 WIL |
| Withdrawn status | Lost status | Damaged status | Not for loan | Permanent Location | Current Location | Date acquired | Total Checkouts | Full call number | Barcode | Date last seen | Date last checked out | Price effective from | Koha item type |
|---|---|---|---|---|---|---|---|---|---|---|---|---|---|
| Central Library (CL) | Central Library (CL) | 08/28/2013 | 1 | 657.13 WIL | NBS4210 | 02/13/2023 | 03/04/2015 | 08/28/2013 | Book | ||||
| Central Library (CL) | Central Library (CL) | 08/28/2013 | 657.13 WIL | NBS4890 | 08/28/2013 | 08/28/2013 | Book | ||||||
| Central Library (CL) | Central Library (CL) | 08/28/2013 | 657.13 WIL | NBS4211 | 08/28/2013 | 08/28/2013 | Book |
